| 000 | 00658nam a2200193 i 4500 | ||
|---|---|---|---|
| 001 | 130665 | ||
| 003 | ES-MaACL | ||
| 005 | 20230906193815.0 | ||
| 007 | t| | ||
| 008 | 070803s1990 fr ||||1| fre d | ||
| 080 | _a75.036(493.6)(083.824) | ||
| 110 | 2 |
_aMusée d'art moderne de Liège. _95803 |
|
| 245 | 1 | 0 |
_aOuvres maîtresses du Musée d'art moderne de Liège _b: Salle Saint-Georges, Liege, du 23 juin au 11 octobre 1990. |
| 260 |
_a[Liège] : _bMussée d'art moderne de Liège, _c[1990] |
||
| 300 |
_a45 p. : _bil. ; _c21 cm. |
||
| 500 | _aBiblioteca Jacinto Martínez Lacalle. | ||
| 650 | 4 |
_aPintura- _xS.XX. _916010 |
|
| 852 |
_aES-MaACL _jE-11895 |
||
| 999 |
_c130665 _d130665 |
||